| 000 | 00380nam a2200133Ia 4500 | ||
|---|---|---|---|
| 008 | 210428s9999 xx 000 0 und d | ||
| 020 | _a1-56347-083-7 | ||
| 082 | _a660.04 S 637 I | ||
| 100 |
_aFrederick O.Smetana _952195 |
||
| 245 | 0 | _aIntroduction to the Control of Dynamic Systems | |
| 260 |
_bNorth Carolina State University _aAmerica _c1994 |
||
| 300 | _a713p | ||
| 942 | _cBK | ||
| 999 |
_c559962 _d559962 |
||